| 000 | 00907nam a2200205Ia 4500 | ||
|---|---|---|---|
| 003 | OSt | ||
| 005 | 20210928113734.0 | ||
| 008 | 210310s1983 ck gr 000 0 spa d | ||
| 040 |
_aCO-JMCR _cCO-JMCR |
||
| 041 | 0 | _aspa | |
| 082 | 0 | 4 |
_a338 / _bM636r _223 |
| 100 | 1 |
_aMijalov, M.I. , _eautor _928548 |
|
| 245 | 1 | 3 |
_aLa revoluciona industrial / _cM. I. Mijailov |
| 260 |
_aBogotá : _bColombia Nueva, _c1983. |
||
| 300 |
_a115 páginas ; _c17 cm. |
||
| 505 | _aCausas y premisas históricas de la revolución industrial. -- Etapas fundamentales del desarrollo de la técnica. -- Consecuencias económicas y sociales de la revolución industrial y comienzos del movimiento obrero en Inglaterra. -- La revolución industrial en Francia, Alemania, Estados Unidos y Rusia, nacimiento del socialismo científico. | ||
| 650 | 1 | 4 |
_aRevolución industrial _940841 |
| 650 | 2 | 4 |
_aIndustrias _940842 |
| 942 |
_2ddc _cBK |
||
| 999 |
_c12552 _d12552 |
||